Statistics for Guess The Movie With Only Vowels & Letters 2: C, D, P, M & H

Click here to take the quiz!

General Stats

  • This quiz has been taken 9 times
  • The average score is 11 of 25

Answer Stats

HintAnswer% Correct
__ou_dho_ DayGroundhog Day
89%
I_cep_io_Inception
89%
Da__ O_ _he DeadDawn Of The Dead
78%
O_e Hou_ Pho_oOne Hour Photo
78%
_A__-EWALL-E
78%
Da__ O_ _he P_a_e_ O_ _he Ape_Dawn Of The Planet Of The Apes
67%
Di___ic_ 9District 9
67%
Pi_eapp_e E_p_e__Pineapple Express
67%
He_edi_a_yHereditary
56%
_he E_o_ci__The Exorcist
56%
A _uie_ P_aceA Quiet Place
44%
__ac_ Pa__he_Black Panther
44%
_i_dma_Birdman
33%
_hu__e_ I__a_dShutter Island
33%
A_ie_: _e_u__ec_io_Alien: Resurrection
22%
_ac_ _o _he _u_u_eBack To The Future
22%
__ade _u__e_Blade Runner
22%
_ac_ie __o__Jackie Brown
22%
Pa_'_ _a_y_i__hPan's Labyrinth
22%
_oc_e_ma_Rocketman
22%
_chi_d_e_'_ _i__Schindler's List
22%
_co__ Pi___im __. _he _o__dScott Pilgrim Vs. The World
22%
A _i___u_ O_ Do__a__A Fistful Of Dollars
0%
__ac____a__ma_BlacKkKlansman
0%
_o_e _i__Gone Girl
0%

Score Distribution

Percentile by Number Answered

Percent of People with Each Score

Your Score History

You have not taken this quiz